Prace z gospodarki mieszkaniowej

Salvato in:
Dettagli Bibliografici
Altri autori: Sobczak, Antoni
Natura: Libro
Lingua:polacco
Pubblicazione: Poznan Wydawnictwo Akademii Ekonomicznej w Poznaniu 1997
Serie:Zeszyty naukowe. Seria 1 Zeszyt 254
Soggetti:
Tags: Aggiungi Tag
Nessun Tag, puoi essere il primo ad aggiungerne!!

MARC

LEADER 00000nam a2200000 4500
001 c100223
005 20221124074851.4
022 |a 0208-4902 
041 0 |a pol 
044 |a PL 
245 1 0 |a Prace z gospodarki mieszkaniowej  |c redaktor naukowy Antoni Sobczak 
264 1 |a Poznan  |b Wydawnictwo Akademii Ekonomicznej w Poznaniu  |c 1997 
300 |a 78 s. 
490 1 |a Zeszyty naukowe. Seria 1  |v Zeszyt 254 
830 0 |a Zeszyty naukowe. Seria 1  |v Zeszyt 254 
610 2 0 |a hospodárstvo bytové 
610 2 0 |a byty 
610 2 0 |a nehnuteľnosti 
610 2 0 |a privatizácia 
610 2 0 |a nájomné 
610 2 0 |a právo 
610 2 0 |a politika bytová 
610 2 0 |a politika komunálna 
610 2 0 |a Poľsko 
700 1 |a Sobczak, Antoni